000 00597nam a22001577a 4500
999 _c8295
_d8296
008 190814b ||||| |||| 00| 0 eng d
020 _a9780813553634
082 _a305 SCH
100 _aSchuller, Mark.
245 _aKilling with kindness :
_b Haiti, international aid, and NGOs
260 _aNew Brunswick, N.J. :
_bRutgers University Press,
_c2012.
300 _axvi, 233 p. :
_bill. ;
_c23 cm.
500 _aIncludes bibliographical references and index.
650 _aSocial medicine--Haiti. AIDS (Disease)--Haiti--International cooperation. Nonprofit organizations--Haiti.
942 _2ddc